000 01321nam a2200337 i 4500
001 000017066
003 DO-SdBNP
005 20250607073643.0
007 ta
008 100317s1998 dr d f000 0 spa d
040 _aDO-SdBNP
_bspa
_cBNPHU
_erda
082 _a618.92
_bR426no, 1998
_222
110 1 _aRepública Dominicana.
_b Secretaria de Estado de Salud Pública y Asistencia Social (2001)
_956549
245 1 0 _aNormas nacionales para la vigilancia y monitoreo de los nacidos vivos /
_cpresentación Altagracia Guzmán Marcelino.
264 1 _aSanto Domingo :
_bSESPAS,
_c1998.
300 _a77 páginas
_bgráficos
_c22 cm.
336 _2rdacontent
_atexto
_btxt
337 _2rdamedia
_asin mediación
_bn
338 _2rdacarrier
_avolumen
_bnc
490 1 _aNormas nacionales
_v4
500 _aIncluye referencias bibliográficas y notas al pie de las páginas
504 _aBibliografía : p. 49
590 _aInventariado,2018/DG
650 4 _aSalud pública
_zRepública Dominicana
_xNormas
_91409
650 4 _aMortalidad infantil
_zRepública Dominicana
_vNORMAS
_937653
650 4 _aSalud maternoinfantil
_zRepública Dominicana
_935342
700 1 2 _aGuzmán Marcelino, Altagracia
_937654
830 0 _aNormas nacionales
_v4
_91411
910 _aValidado. Control de calidad MFF
942 _2ddc
_cLBS1
999 _c16592
_d16592